Essential for Decision Makers (Record no. 4943)

MARC details
000 -LEADER
fixed length control field 00355nam a2200133Ia 4500
008 - FIXED-LENGTH DATA ELEMENTS--GENERAL INFORMATION
fixed length control field 191201s2009 xx 000 0 und d
082 ## - DEWEY DECIMAL CLASSIFICATION NUMBER
Classification number 658.403
Item number MUE
100 ## - MAIN ENTRY--PERSONAL NAME
Personal name MUKHERJEE,Ashok
245 #0 - TITLE STATEMENT
Title Essential for Decision Makers
260 ## - PUBLICATION, DISTRIBUTION, ETC. (IMPRINT)
Place of publication, distribution, etc Chennai
Name of publisher, distributor, etc Scitech Publication Chennai and Hadrabad
Date of publication, distribution, etc 2009
300 ## - PHYSICAL DESCRIPTION
Extent 7.28 MISC
650 ## - SUBJECT ADDED ENTRY--TOPICAL TERM
Topical term or geographic name as entry element BBA
942 ## - ADDED ENTRY ELEMENTS (KOHA)
Source of classification or shelving scheme Dewey Decimal Classification
Koha item type Text Books
Holdings
Withdrawn status Lost status Source of classification or shelving scheme Damaged status Not for loan Collection code Home library Current library Date acquired Source of acquisition Cost, normal purchase price Bill Number Total Checkouts Full call number Acc. no. / Barcode Date last seen Bill Date Koha item type
    Dewey Decimal Classification     BBA PIET C-LIBRARY PIET C-LIBRARY 30/07/2011 The book company 260.00 IN-859   658.403 MUE 17971 04/12/2019 27/07/2011 Text Books
    Dewey Decimal Classification     BBA PIET C-LIBRARY PIET C-LIBRARY 30/07/2011 The book company 260.00 IN-859   658.403 MUE 17972 04/12/2019 27/07/2011 Text Books
    Dewey Decimal Classification     BBA PIET C-LIBRARY PIET C-LIBRARY 30/07/2011 The book company 260.00 IN-859   658.403 MUE 17973 04/12/2019 27/07/2011 Text Books
    Dewey Decimal Classification     BBA PIET C-LIBRARY PIET C-LIBRARY 30/07/2011 The book company 260.00 IN-859   658.403 MUE 17974 04/12/2019 27/07/2011 Text Books
    Dewey Decimal Classification     BBA PIET C-LIBRARY PIET C-LIBRARY 30/07/2011 The book company 260.00 IN-859   658.403 MUE 17975 04/12/2019 27/07/2011 Text Books

Design & Developed by: PIET Central Library
R70 Miles Stone Pattikalyana Samalkha Panipat 132102
mail ID :- [email protected], Phone No:- 0180-2569700 Ex.216